Libro de los ejemplos del conde lucanor y de patronio /
Guardado en:
| Autor Principal: | |
|---|---|
| Formato: | Libro |
| Publicado: |
Argentina :
Losada,
1974
|
| Edición: | 7a. ed. |
| Series: | Bibl. cl sica y contemp., 981
|
| Etiquetas: |
Agregar Etiqueta
Sin Etiquetas, Sea el primero en etiquetar este registro!
|
| LEADER | 00809nam a22002175a 4500 | ||
|---|---|---|---|
| 001 | CEM.cems003522 | ||
| 005 | 19000101000000.0 | ||
| 008 | 130507s1974##################000#0#####d | ||
| 003 | CEMS | ||
| 082 | 0 | 4 | |a 863.1 |
| 100 | 1 | |a Juan Manuel, Infante Don | |
| 245 | 1 | 0 | |a Libro de los ejemplos del conde lucanor y de patronio / |
| 250 | |a 7a. ed. | ||
| 260 | |a Argentina : |b Losada, |c 1974 | ||
| 300 | |a 269 p. | ||
| 490 | 0 | |a Bibl. cl sica y contemp., 981 | |
| 859 | |a CEMS |b BIB. CEMS - 11 de abril |h 863.1 |i J87-4a7 |p 7715.80 |t Ej.1 | ||
| 859 | |a CEMS |b BIB. CEMS - 11 de abril |h 863.1 |i J87-4a7 |p 7783.80 |t Ej.2 | ||
| 859 | |a CEMS |b BIB. CEMS - 11 de abril |h 863.1 |i J87-4a7 |p 7784.80 |t Ej.3 | ||
| 859 | |a CEMS |b BIB. CEMS - 11 de abril |h 863.1 |i J87-4a7 |p 7785.80 |t Ej.4 | ||
| 859 | |a CEMS |b BIB. CEMS - 11 de abril |h 863.1 |i J87-4a7 |p 7786.80 |t Ej.5 | ||
